[Event "SR 2. liga A 2008/2009"]
[Site "?"]
[Date "2008.11.09"]
[Round "4.7"]
[White "Durovka, Stefan"]
[Black "Mruskovic, Radoslav"]
[Result "1-0"]
[WhiteElo "1875"]
[BlackElo "1968"]
[PlyCount "90"]
[EventDate "2008.??.??"]
[WhiteTeam "Slovakia"]
[BlackTeam "II"]
[WhiteTeamCountry "SVK"]
[BlackTeamCountry "SVK"]

1. Nf3 c5 2. e4 Nc6 3. d4 cxd4 4. Nxd4 g6 5. Nxc6 bxc6 6. Bc4 Bg7 7. O-O Nf6 8.
Nd2 O-O 9. c3 d5 10. exd5 cxd5 11. Bb3 e5 12. f3 Re8 13. Re1 e4 14. Nf1 exf3
15. Rxe8+ Qxe8 16. Qxf3 Bg4 17. Qe3 Qc6 18. h3 Bf8 19. Qf4 Bd6 20. Qa4 Bc5+ 21.
Be3 Bxe3+ 22. Nxe3 Bd7 23. Qxc6 Bxc6 24. Rd1 Kg7 25. Nxd5 Ne4 26. Ne7 Bb5 27.
c4 Be8 28. Bc2 Nc5 29. b4 Na4 30. c5 Nc3 31. Rd2 Kf6 32. Nd5+ Nxd5 33. Rxd5 a5
34. Be4 Ra6 35. a3 Bb5 36. c6 axb4 37. c7 Rc6 38. Rd6+ Rxd6 39. c8=Q bxa3 40.
Qc3+ Ke7 41. Qxa3 f5 42. Bf3 Bd7 43. Qe3+ Kf7 44. Qh6 Kg8 45. Qf4 Ra6 1-0

[Event "SR 2. liga A 2008/2009"]
[Site "?"]
[Date "2008.11.09"]
[Round "4.7"]
[White "Farkas, Vladimir"]
[Black "Gono, Michal"]
[Result "1-0"]
[WhiteElo "2035"]
[BlackElo "1854"]
[PlyCount "83"]
[EventDate "2008.??.??"]
[WhiteTeam "DPS B II"]
[BlackTeam "Piestany"]
[WhiteTeamCountry "SVK"]
[BlackTeamCountry "SVK"]

1. e4 c6 2. Nc3 d5 3. d4 dxe4 4. Nxe4 Bf5 5. Ng3 Bg6 6. Nf3 Nd7 7. Be2 e6 8.
Bf4 Ngf6 9. Nh4 Qb6 10. Bc1 c5 11. Nxg6 hxg6 12. dxc5 Bxc5 13. O-O O-O 14. c3
Rfd8 15. Qc2 Rac8 16. Bg5 Be7 17. Rad1 Qa5 18. Ne4 Qe5 19. Bf3 Ng4 20. Bxg4
Bxg5 21. Rfe1 Qf4 22. Nd6 Nf6 23. Nxc8 Nxg4 24. Rxd8+ Bxd8 25. g3 Qb8 26. Qd1
Qxc8 27. Qxg4 Bb6 28. Qf3 Qd7 29. Rd1 Qa4 30. b4 Kf8 31. Rd2 Qc6 32. Qd3 Ke7
33. c4 a6 34. a4 Bc7 35. a5 b6 36. b5 axb5 37. cxb5 Qb7 38. Qd7+ Kf6 39. Rc2
Qe4 40. Qxc7 Qe1+ 41. Kg2 Qe4+ 42. f3 1-0

[Event "SR 2. liga A 2008/2009"]
[Site "?"]
[Date "2008.11.09"]
[Round "4.7"]
[White "Grich, Juraj"]
[Black "Hagara, Vladimir"]
[Result "1-0"]
[WhiteElo "1977"]
[BlackElo "1969"]
[PlyCount "65"]
[EventDate "2008.??.??"]
[WhiteTeam "II"]
[BlackTeam "Slovakia"]
[WhiteTeamCountry "SVK"]
[BlackTeamCountry "SVK"]

1. d4 Nf6 2. Nc3 d5 3. Bg5 e6 4. e4 dxe4 5. Nxe4 Be7 6. Bxf6 Bxf6 7. Nf3 Nd7 8.
c3 b6 9. Bd3 Bb7 10. Qe2 Be7 11. O-O-O Nf6 12. Kb1 O-O 13. Nxf6+ Bxf6 14. h4 h6
15. Rh3 Qd5 16. g4 Be7 17. g5 h5 18. Ne5 g6 19. Nxg6 fxg6 20. Bxg6 Kg7 21. Bc2
Rf3 22. Rxf3 Qxf3 23. Qxe6 Qf7 24. Qh6+ Kg8 25. g6 Qg7 26. Qxh5 Bf6 27. Re1 Qh8
28. Bb3+ Kg7 29. Qf5 Qxh4 30. Qd7+ Kh6 31. Qh7+ Kg5 32. Rg1+ Kf4 33. Qxc7+ 1-0

[Event "SR 2. liga A 2008/2009"]
[Site "?"]
[Date "2008.11.09"]
[Round "4.7"]
[White "Klimes, Milan"]
[Black "Kollarik, Gorazd"]
[Result "1/2-1/2"]
[WhiteElo "1958"]
[BlackElo "1941"]
[PlyCount "96"]
[EventDate "2008.??.??"]
[WhiteTeam "II"]
[BlackTeam "Slovakia"]
[WhiteTeamCountry "SVK"]
[BlackTeamCountry "SVK"]

1. c4 Nf6 2. Nc3 g6 3. g3 Bg7 4. Bg2 O-O 5. Nf3 c5 6. O-O Nc6 7. d4 cxd4 8.
Nxd4 Qb6 9. Nb3 d6 10. Nd5 Nxd5 11. cxd5 Ne5 12. Be3 Qd8 13. Bd4 Nd7 14. Bxg7
Kxg7 15. Qd4+ Nf6 16. Rac1 b6 17. Rc3 Bb7 18. Rfc1 Rc8 19. e4 Qd7 20. a4 Rxc3
21. Rxc3 Rc8 22. a5 Rxc3 23. Qxc3 Qc8 24. Qxc8 Bxc8 25. axb6 axb6 26. Nd4 Kf8
27. f3 Ke8 28. Bf1 Bd7 29. Kf2 e6 30. dxe6 fxe6 31. Nc2 Ba4 32. Nb4 Kd7 33. Ke3
e5 34. Bh3+ Ke7 35. Bc8 g5 36. f4 gxf4+ 37. gxf4 exf4+ 38. Kxf4 Be8 39. Bf5 h6
40. Nc2 Bc6 41. Ne3 Nh5+ 42. Kg4 Nf6+ 43. Kf3 b5 44. Ng4 Nxg4 45. Bxg4 Be8 46.
b4 Kf6 47. Kf4 Bc6 48. Bf5 Be8 1/2-1/2

[Event "SR 2. liga A 2008/2009"]
[Site "?"]
[Date "2008.11.09"]
[Round "4.7"]
[White "Kolesar, Rastislav"]
[Black "Pericka, Tomas"]
[Result "0-1"]
[WhiteElo "1978"]
[BlackElo "1905"]
[PlyCount "98"]
[EventDate "2008.??.??"]
[WhiteTeam "II"]
[BlackTeam "Slovakia"]
[WhiteTeamCountry "SVK"]
[BlackTeamCountry "SVK"]

1. e4 c5 2. Nf3 Nc6 3. d4 cxd4 4. Nxd4 g6 5. Nc3 Bg7 6. Be3 Nf6 7. f3 Qa5 8.
Qd2 O-O 9. h4 d5 10. Nb3 Qc7 11. exd5 Rd8 12. O-O-O a6 13. Qf2 Nb4 14. Bb6 Qf4+
15. Kb1 Bf5 16. Nd4 Rdc8 17. Nxf5 Qxf5 18. Bd3 Qd7 19. Bd4 Nbxd5 20. Nxd5 Qxd5
21. Bxg6 Rd8 22. Qe2 Qc6 23. Be4 Nxe4 24. Bxg7 Ng3 25. Qxe7 Nxh1 26. Bd4 Re8
27. Qg5+ Qg6 28. Rxh1 Re2 29. Qxg6+ fxg6 30. Rg1 Rd8 31. Bc3 Rxg2 32. Rf1 Rf2
33. Rg1 Rxf3 34. Kc1 Rf2 35. h5 Kf7 36. hxg6+ hxg6 37. a3 g5 38. Be1 Re2 39.
Bb4 Kg6 40. b3 Rd4 41. Bc3 Rde4 42. Bb4 g4 43. Bc3 Kf5 44. Kd1 Kf4 45. Bb4 Kf3
46. Be1 Rd4+ 47. Kc1 Rg2 48. Rf1+ Ke2 49. Rh1 Rd1+ 0-1

[Event "SR 2. liga A 2008/2009"]
[Site "?"]
[Date "2008.11.09"]
[Round "4.7"]
[White "Orolin, Peter"]
[Black "Srna, Jan"]
[Result "1-0"]
[WhiteElo "1941"]
[BlackElo "2042"]
[PlyCount "73"]
[EventDate "2008.??.??"]
[WhiteTeam "II"]
[BlackTeam "Slovakia"]
[WhiteTeamCountry "SVK"]
[BlackTeamCountry "SVK"]

1. d4 e6 2. c4 f5 3. Nc3 d5 4. Nf3 Nf6 5. Bg5 Be7 6. Bxf6 Bxf6 7. e3 O-O 8. Bd3
c6 9. Qc2 Be7 10. O-O Qe8 11. Ne5 Qh5 12. f4 g5 13. Qe2 Qxe2 14. Bxe2 g4 15. c5
Nd7 16. Nxd7 Bxd7 17. b4 b5 18. a4 a6 19. Ra2 Rab8 20. axb5 axb5 21. Ra7 Rfd8
22. Rfa1 Kf8 23. Rc7 Ke8 24. Raa7 Ra8 25. Rxd7 Rxa7 26. Rxa7 Rc8 27. Nd1 Kd8
28. Nf2 h5 29. Nd3 Rc7 30. Rxc7 Kxc7 31. h3 Bf6 32. hxg4 hxg4 33. Ne5 Bh4 34.
Kf1 Bf6 35. Bxg4 Bxe5 36. fxe5 fxg4 37. Kf2 1-0

[Event "SR 2. liga A 2008/2009"]
[Site "?"]
[Date "2008.11.09"]
[Round "4.8"]
[White "Bincik, Pavol"]
[Black "Raczko, Peter"]
[Result "1/2-1/2"]
[WhiteElo "1890"]
[BlackElo "1979"]
[PlyCount "51"]
[EventDate "2008.??.??"]
[WhiteTeam "Piestany"]
[BlackTeam "DPS B II"]
[WhiteTeamCountry "SVK"]
[BlackTeamCountry "SVK"]

1. d4 d5 2. c4 e6 3. Nc3 Nf6 4. Bg5 Nbd7 5. Nf3 c6 6. e3 Be7 7. cxd5 exd5 8. a3
h6 9. Bh4 O-O 10. Be2 Ne4 11. Bxe7 Nxc3 12. Bxd8 Nxd1 13. Rxd1 Rxd8 14. O-O Nf6
15. Bd3 Bg4 16. Rc1 Ne4 17. Ne5 Bf5 18. Rfd1 Nd6 19. Bxf5 Nxf5 20. Nd3 Nd6 21.
b3 Rd7 22. Rd2 Re8 23. Rdc2 Rde7 24. g3 g6 25. a4 Kg7 26. Nc5 1/2-1/2

[Event "SR 2. liga A 2008/2009"]
[Site "?"]
[Date "2008.11.09"]
[Round "4.8"]
[White "Cajka, Tibor"]
[Black "Ujhelyi, Matus"]
[Result "1-0"]
[WhiteElo "1907"]
[BlackElo "1926"]
[PlyCount "107"]
[EventDate "2008.??.??"]
[WhiteTeam "Slovakia"]
[BlackTeam "II"]
[WhiteTeamCountry "SVK"]
[BlackTeamCountry "SVK"]

1. d4 Nf6 2. c4 g6 3. Nc3 Bg7 4. e4 d6 5. g3 O-O 6. Bg2 Nbd7 7. Nge2 c6 8. O-O
e5 9. d5 c5 10. Be3 Ng4 11. Bd2 f5 12. f3 Ngf6 13. Nb5 Nb6 14. b3 fxe4 15. fxe4
a6 16. Nbc3 Bd7 17. Kh1 Nc8 18. Ng1 b5 19. Qe2 Rb8 20. cxb5 axb5 21. a4 Qb6 22.
h3 Na7 23. Nf3 h6 24. Rfb1 Qc7 25. g4 Rfc8 26. Qe1 Rf8 27. Ra2 bxa4 28. bxa4
Rxb1 29. Qxb1 Rb8 30. Rb2 Rxb2 31. Qxb2 Kh7 32. Bf1 Qc8 33. Nh2 Qc7 34. Bb5
Bxb5 35. axb5 Qb6 36. Nf1 Ne8 37. Ne3 c4 38. Nxc4 Qf2 39. Be3 Qf1+ 40. Kh2 Nxb5
41. Qxb5 Qd3 42. Qb4 Nf6 43. Bf2 Nxe4 44. Nxe4 Qxe4 45. Qc3 Qxd5 46. Nd2 e4 47.
Qe3 Be5+ 48. Kg2 g5 49. Qxe4+ Qxe4+ 50. Nxe4 Kg6 51. Bg3 h5 52. Bxe5 hxg4 53.
hxg4 dxe5 54. Kf3 1-0

[Event "SR 2. liga A 2008/2009"]
[Site "?"]
[Date "2008.11.09"]
[Round "4.8"]
[White "Filip, Frantisek"]
[Black "Hefka, Vladimir"]
[Result "0-1"]
[WhiteElo "1853"]
[BlackElo "1973"]
[PlyCount "65"]
[EventDate "2008.??.??"]
[WhiteTeam "Slovakia"]
[BlackTeam "II"]
[WhiteTeamCountry "SVK"]
[BlackTeamCountry "SVK"]

1. e4 c5 2. Ne2 d6 3. c3 Nf6 4. Ng3 e6 5. Be2 Be7 6. Nh5 O-O 7. d3 Nbd7 8. Nf4
a6 9. Bf3 Rb8 10. Nd2 b5 11. O-O Bb7 12. d4 c4 13. Re1 Qc7 14. Qc2 Rbc8 15. Nf1
Rfe8 16. Ng3 Bf8 17. Nfh5 g6 18. Nxf6+ Nxf6 19. Bg5 Be7 20. Qd2 Nd7 21. h4 e5
22. Rac1 Rb8 23. h5 Nb6 24. Bh6 Bf6 25. Bg5 Qe7 26. Be3 Nd7 27. Nf1 Nf8 28. Bh6
Ne6 29. Be3 Ng5 30. Bxg5 Bxg5 31. Ne3 exd4 32. Qxd4 Bxe4 33. Nd5 0-1

[Event "SR 2. liga A 2008/2009"]
[Site "?"]
[Date "2008.11.09"]
[Round "4.8"]
[White "Hajtmanek, Stanislav"]
[Black "Vrba, Michal"]
[Result "1/2-1/2"]
[WhiteElo "1782"]
[BlackElo "1974"]
[PlyCount "76"]
[EventDate "2008.??.??"]
[WhiteTeam "Slovakia"]
[BlackTeam "II"]
[WhiteTeamCountry "SVK"]
[BlackTeamCountry "SVK"]

1. d4 Nf6 2. c4 g6 3. Nc3 d5 4. Bg5 Ne4 5. Bf4 c6 6. e3 Qa5 7. cxd5 Nxc3 8. Qd2
Qxd5 9. Qxc3 Bg7 10. Nf3 Nd7 11. Bc4 Qh5 12. h3 Nf6 13. O-O-O Nd5 14. Qb3 b5
15. g4 bxc4 16. Qxc4 Nb6 17. Qxc6+ Bd7 18. Qxa8+ Nxa8 19. gxh5 Nb6 20. e4 O-O
21. Ne5 Ba4 22. b3 Bb5 23. hxg6 fxg6 24. Be3 a5 25. a4 Ba6 26. Nd3 Bb7 27. Nc5
Rc8 28. Kd2 Bc6 29. Rc1 Kf7 30. d5 Ba8 31. Ne6 Rb8 32. Nxg7 Kxg7 33. Rc7 Kf6
34. Bd4+ e5 35. dxe6+ Kxe6 36. Rxh7 Bxe4 37. Bxb6 Bxh1 38. Bxa5 Rxb3 1/2-1/2

[Event "SR 2. liga A 2008/2009"]
[Site "?"]
[Date "2008.11.09"]
[Round "4.8"]
[White "Kundrak, Vladimir"]
[Black "Hajek, Lukas"]
[Result "1-0"]
[WhiteElo "1942"]
[BlackElo "1587"]
[PlyCount "57"]
[EventDate "2008.??.??"]
[WhiteTeam "Slovakia"]
[BlackTeam "II"]
[WhiteTeamCountry "SVK"]
[BlackTeamCountry "SVK"]

1. e4 e6 2. d3 d5 3. Nd2 b6 4. Ngf3 Nc6 5. g3 Bb7 6. Bg2 Nf6 7. O-O Bc5 8. c3
dxe4 9. dxe4 Qd7 10. b4 Bf8 11. a4 a6 12. Qc2 g6 13. Ba3 Bg7 14. Rfd1 O-O-O 15.
Nb3 Qe8 16. Bb2 Qe7 17. b5 Nb8 18. Nfd4 a5 19. c4 e5 20. Bh3+ Nfd7 21. Ne2 c5
22. bxc6 Bxc6 23. c5 bxc5 24. Nxc5 Kc7 25. Nxd7 Nxd7 26. Ba3 Qe8 27. Bd6+ Kb7
28. Rab1+ Nb6 29. Qc5 1-0

[Event "SR 2. liga A 2008/2009"]
[Site "?"]
[Date "2008.11.09"]
[Round "4.8"]
[White "Steinecker, Frantisek"]
[Black "Hoferek, Peter"]
[Result "1/2-1/2"]
[WhiteElo "1723"]
[BlackElo "1892"]
[PlyCount "103"]
[EventDate "2008.??.??"]
[WhiteTeam "Slovakia"]
[BlackTeam "II"]
[WhiteTeamCountry "SVK"]
[BlackTeamCountry "SVK"]

1. e4 e5 2. Bc4 Bc5 3. Nf3 Nc6 4. c3 Nf6 5. d3 O-O 6. O-O d6 7. b4 Bb6 8. Bg5
h6 9. Be3 Be6 10. Nbd2 Ng4 11. Qe1 Bxc4 12. Nxc4 Ne7 13. Bd2 f5 14. Nxb6 axb6
15. h3 Nf6 16. Nh2 f4 17. Rd1 Rxa2 18. d4 Qe8 19. Qe2 Qc6 20. b5 Qxe4 21. Qc4+
Qd5 22. Qxc7 Ng6 23. c4 Ne8 24. Qxb6 Qxc4 25. dxe5 Nxe5 26. Qxb7 Rb2 27. b6 Qc5
28. Qe4 Qc4 29. Rfe1 Rxb6 30. Qxc4+ Nxc4 31. Bxf4 Rxf4 32. Rxe8+ Kf7 33. Rde1
Ne5 34. Rc8 Rb2 35. Rc7+ Kf6 36. Rf1 Rc4 37. Rxc4 Nxc4 38. Ng4+ Kf7 39. Rc1 d5
40. Ne3 Nxe3 41. fxe3 Re2 42. Rc3 Ke6 43. Kh2 Ke5 44. Rc7 Rxe3 45. Rxg7 d4 46.
Kg1 Ke4 47. Kf2 Kd3 48. Rc7 Kd2 49. Ra7 Rc3 50. Ra1 d3 51. g4 Rc1 52. Ra3
1/2-1/2

[Event "SR 2. liga A 2008/2009"]
[Site "?"]
[Date "2008.12.06"]
[Round "5.1"]
[White "Doucha, Ludvik"]
[Black "Likavsky, Tomas"]
[Result "0-1"]
[WhiteElo "2080"]
[BlackElo "2498"]
[PlyCount "54"]
[EventDate "2008.??.??"]
[WhiteTeam "Slovakia"]
[BlackTeam "II"]
[WhiteTeamCountry "SVK"]
[BlackTeamCountry "SVK"]

1. e4 c5 2. c4 Nc6 3. Ne2 Nf6 4. Nbc3 e6 5. d4 d5 6. e5 cxd4 7. exf6 dxc3 8.
Nxc3 d4 9. fxg7 Bxg7 10. Ne4 O-O 11. Bd3 f5 12. Ng3 e5 13. f3 Nb4 14. O-O Qh4
15. Bb1 a5 16. a3 Nc6 17. Bd2 Ne7 18. Qc1 f4 19. Ne4 Nf5 20. Qe1 Qh5 21. Bxa5
Ra6 22. Bb4 Rh6 23. h3 Ne3 24. Bxf8 Bxf8 25. Nf2 Nxg2 26. Qe4 Ne3 27. Ng4 Bxg4
0-1

[Event "SR 2. liga A 2008/2009"]
[Site "?"]
[Date "2008.12.06"]
[Round "5.1"]
[White "Federic, Jozef"]
[Black "Maslik, Miroslav"]
[Result "0-1"]
[WhiteElo "2239"]
[BlackElo "2328"]
[PlyCount "50"]
[EventDate "2008.??.??"]
[WhiteTeam "Slovakia"]
[BlackTeam "II"]
[WhiteTeamCountry "SVK"]
[BlackTeamCountry "SVK"]

1. d4 Nf6 2. c4 g6 3. Nc3 Bg7 4. e4 d6 5. f4 O-O 6. Nf3 c5 7. d5 e6 8. Be2 exd5
9. cxd5 Bg4 10. Nd2 Bxe2 11. Qxe2 Re8 12. O-O Nbd7 13. Qf3 Qa5 14. a4 Qb4 15.
a5 b5 16. axb6 axb6 17. Rxa8 Rxa8 18. Qd3 Ng4 19. Ne2 b5 20. b3 c4 21. bxc4
Qc5+ 22. Kh1 Nf2+ 23. Rxf2 Qxf2 24. h3 Ra1 25. Kh2 Ne5 0-1

[Event "SR 2. liga A 2008/2009"]
[Site "?"]
[Date "2008.12.06"]
[Round "5.1"]
[White "Frindt, Kornel"]
[Black "Tepper, Frantisek"]
[Result "1/2-1/2"]
[WhiteElo "2151"]
[BlackElo "2162"]
[PlyCount "148"]
[EventDate "2008.??.??"]
[WhiteTeam "Slovakia"]
[BlackTeam "II"]
[WhiteTeamCountry "SVK"]
[BlackTeamCountry "SVK"]

1. Nf3 Nf6 2. c4 d6 3. d4 Nbd7 4. Nc3 e5 5. g3 Be7 6. Bg2 c6 7. e4 O-O 8. O-O
Re8 9. Rb1 Qc7 10. h3 Nf8 11. d5 c5 12. Be3 Ng6 13. Ne1 Bd7 14. Nd3 h6 15. Qd2
Nh7 16. Rbe1 a6 17. a4 Rab8 18. Rd1 Bg5 19. Ra1 Bxe3 20. Qxe3 b6 21. Rfc1 a5
22. b3 Qd8 23. Nb5 Bxb5 24. cxb5 Qe7 25. Nb2 Qd8 26. Nc4 Rb7 27. Ra2 Rbe7 28.
Re2 Qb8 29. Qf3 Rb7 30. h4 Qd8 31. Bh3 Qe7 32. Kh2 Rd8 33. Rg1 Kh8 34. Bf5 Qf6
35. Qg4 Ngf8 36. Bxh7 Nxh7 37. f4 Qe7 38. fxe5 dxe5 39. Qf5 f6 40. Rd1 Qd7 41.
Qf3 Nf8 42. Red2 Ng6 43. Qh5 Kh7 44. Qf3 Nh8 45. g4 Nf7 46. d6 Qe6 47. Kg3 Rdd7
48. Rd5 Kh8 49. Kf2 Rb8 50. Ke3 Kg8 51. R1d3 Qe8 52. Kd2 Nd8 53. Qf5 Qe6 54.
Ke3 Qxf5 55. gxf5 Nf7 56. Kd2 h5 57. Kc3 Kf8 58. Rg3 Rbb7 59. Rd2 Kg8 60. Rg1
Kf8 61. Rgd1 Rb8 62. Rd5 Kg8 63. Ne3 Kf8 64. R5d3 Rbb7 65. Nf1 Rb8 66. Ne3 Rbb7
67. Nc4 Rb8 68. Rd5 Rbb7 69. Nxa5 bxa5 70. Kc4 Rb8 71. Kxc5 Ke8 72. R1d3 Kd8
73. Kc6 Kc8 74. Rc5 Nd8+ 1/2-1/2

[Event "SR 2. liga A 2008/2009"]
[Site "?"]
[Date "2008.12.06"]
[Round "5.1"]
[White "Janos, Martin"]
[Black "Schwarz, Dusan"]
[Result "0-1"]
[WhiteElo "2210"]
[BlackElo "2338"]
[PlyCount "80"]
[EventDate "2008.??.??"]
[WhiteTeam "Slovakia"]
[BlackTeam "II"]
[WhiteTeamCountry "SVK"]
[BlackTeamCountry "SVK"]

1. d4 d5 2. c4 c6 3. Nf3 Nf6 4. Qc2 dxc4 5. e4 b5 6. Be3 e6 7. h3 Bb7 8. Nbd2
Bb4 9. Be2 Nbd7 10. O-O h6 11. b3 cxb3 12. Nxb3 O-O 13. Nc5 Bxc5 14. dxc5 Qc7
15. Rac1 a5 16. Rfe1 b4 17. Nd2 Ba6 18. Nc4 Bxc4 19. Bxc4 Ne5 20. Bf1 Ng6 21.
g3 e5 22. Red1 Rfd8 23. Rd3 Rxd3 24. Qxd3 Rd8 25. Qc4 h5 26. Be2 h4 27. Kg2 Nf8
28. Qa6 Ne6 29. Qc4 Nd4 30. Bd3 Rd7 31. Rf1 Qd8 32. f4 exf4 33. Bxf4 Ne6 34.
Rf3 Rd4 35. Qc2 Nxf4+ 36. gxf4 Nxe4 37. Bxe4 Rd2+ 38. Rf2 Rxc2 39. Rxc2 Qd7 40.
Kf3 f5 0-1

[Event "SR 2. liga A 2008/2009"]
[Site "?"]
[Date "2008.12.06"]
[Round "5.1"]
[White "Rohacek, Miroslav"]
[Black "Varga, David"]
[Result "1/2-1/2"]
[WhiteElo "2215"]
[BlackElo "2270"]
[PlyCount "130"]
[EventDate "2008.??.??"]
[WhiteTeam "Slovakia"]
[BlackTeam "II"]
[WhiteTeamCountry "SVK"]
[BlackTeamCountry "SVK"]

1. d4 Nf6 2. Nf3 e6 3. g3 b6 4. Bg2 Bb7 5. O-O c5 6. c4 cxd4 7. Nxd4 Bxg2 8.
Kxg2 Qc8 9. b3 Qb7+ 10. f3 d5 11. cxd5 Nxd5 12. e4 Nc7 13. Nc3 Nba6 14. Qe2 Bc5
15. Rd1 O-O 16. Be3 Rfd8 17. Rac1 Be7 18. Qc4 Ba3 19. Rc2 Rac8 20. Qc6 Qxc6 21.
Nxc6 Rxd1 22. Nxd1 Ra8 23. Nb2 Kf8 24. Nc4 Bc5 25. Bf4 Ne8 26. Rd2 f6 27. Rd7
e5 28. Bd2 b5 29. N4a5 Rc8 30. Nd8 Nb8 31. Ne6+ Kg8 32. Rb7 Bb6 33. Bb4 Na6 34.
a3 Nec7 35. Nc6 Kf7 36. Ne7 Rb8 37. Rxb8 Kxe6 38. Rxb6+ axb6 39. Nc8 Nxb4 40.
axb4 Na6 41. Na7 Nxb4 42. Nxb5 Nd3 43. Nc7+ Kd6 44. Ne8+ Kc5 45. Nxg7 Kb4 46.
Ne8 Kxb3 47. Nxf6 b5 48. f4 exf4 49. gxf4 Nxf4+ 50. Kf3 Ne6 51. Kg4 Kc4 52. Nd5
Kd4 53. Kf5 Nc5 54. Nc7 b4 55. e5 b3 56. Nb5+ Kc4 57. Na3+ Kd5 58. h4 Ne6 59.
Nb1 Nd4+ 60. Kf6 h5 61. Nc3+ Kc4 62. Nb1 b2 63. e6 Nb5 64. e7 Nc7 65. Kg5 Kd3
1/2-1/2

[Event "SR 2. liga A 2008/2009"]
[Site "?"]
[Date "2008.12.06"]
[Round "5.1"]
[White "Seitler, Andrej"]
[Black "Malar, Pavol"]
[Result "1-0"]
[WhiteElo "2251"]
[BlackElo "2090"]
[PlyCount "61"]
[EventDate "2008.??.??"]
[WhiteTeam "Slovakia"]
[BlackTeam "II"]
[WhiteTeamCountry "SVK"]
[BlackTeamCountry "SVK"]

1. d4 Nf6 2. Nf3 e6 3. Bg5 h6 4. Bxf6 Qxf6 5. e4 d5 6. Bd3 c5 7. c3 Nc6 8. O-O
dxe4 9. Bxe4 Bd6 10. Bxc6+ bxc6 11. Qa4 Bb7 12. Nbd2 O-O 13. Ne4 Qe7 14. Qa3
Rfd8 15. dxc5 Bc7 16. Rad1 a5 17. Nd6 Ba6 18. Rfe1 Bxd6 19. Rxd6 Qc7 20. Nd4
Bc4 21. b3 Bd3 22. Rd1 Be4 23. f3 Bd5 24. c4 e5 25. Nb5 cxb5 26. Rxd8+ Rxd8 27.
cxd5 b4 28. Qc1 Qb7 29. d6 e4 30. fxe4 Qxe4 31. c6 1-0

[Event "SR 2. liga A 2008/2009"]
[Site "?"]
[Date "2008.12.06"]
[Round "5.2"]
[White "Fabry, Robert"]
[Black "Petrik, Stanislav"]
[Result "1-0"]
[WhiteElo "2185"]
[BlackElo "2215"]
[PlyCount "115"]
[EventDate "2008.??.??"]
[WhiteTeam "Slovakia"]
[BlackTeam "II"]
[WhiteTeamCountry "SVK"]
[BlackTeamCountry "SVK"]

1. b3 b5 2. Bb2 Bb7 3. f4 d6 4. e3 a6 5. Nf3 Nd7 6. Nc3 Ngf6 7. Ne2 e6 8. a4 b4
9. Ng3 Be7 10. Bc4 O-O 11. O-O a5 12. Nd4 c5 13. Nf3 Rc8 14. Qe2 Nb6 15. Bb5
Qc7 16. e4 c4 17. e5 Nfd5 18. Nh5 g6 19. exd6 Bxd6 20. Nf6+ Nxf6 21. Bxf6 Bxf4
22. Ne5 Bh6 23. bxc4 Bg7 24. Rf2 Qc5 25. Kh1 Bxf6 26. Rxf6 Qd4 27. Raf1 Qe4 28.
Qf2 Qxe5 29. Qxb6 Be4 30. Qe3 Rc5 31. Qf2 Qg5 32. h4 Qh5 33. Rxf7 Rf5 34. Rxf8+
Kxf8 35. Qe1 Qg4 36. Rxf5+ gxf5 37. Qf2 Bxc2 38. c5 b3 39. c6 Be4 40. d3 Qxg2+
41. Qxg2 Bxg2+ 42. Kxg2 b2 43. c7 b1=Q 44. c8=Q+ Ke7 45. Qd7+ Kf6 46. Bc4 Qe1
47. Qd8+ Kf7 48. Qg5 Qe2+ 49. Kg3 Qe1+ 50. Kf3 Qf1+ 51. Ke3 h6 52. Qh5+ Ke7 53.
Qe2 f4+ 54. Kd2 Qh3 55. Qe1 Qg2+ 56. Kc3 Qg4 57. Qe4 h5 58. Kd4 1-0

[Event "SR 2. liga A 2008/2009"]
[Site "?"]
[Date "2008.12.06"]
[Round "5.2"]
[White "Gasa, Andrej"]
[Black "Stetina, Erik"]
[Result "1-0"]
[WhiteElo "2201"]
[BlackElo "2043"]
[PlyCount "49"]
[EventDate "2008.??.??"]
[WhiteTeam "Slovakia"]
[BlackTeam "II"]
[WhiteTeamCountry "SVK"]
[BlackTeamCountry "SVK"]

1. e4 e6 2. d4 a6 3. Nf3 b5 4. Bd3 c5 5. c3 Bb7 6. O-O Nf6 7. Re1 Be7 8. Bg5
Qb6 9. Nbd2 Nc6 10. e5 Nd5 11. Bxe7 Kxe7 12. dxc5 Qxc5 13. Ne4 Qb6 14. Qd2 h6
15. c4 bxc4 16. Bxc4 Na5 17. b3 Qb4 18. Qd4 Qb6 19. Qd1 g5 20. Bxd5 Bxd5 21.
Nf6 Bxf3 22. Qxf3 Qb7 23. Ne4 Rh7 24. Rad1 Qb5 25. Nf6 1-0

[Event "SR 2. liga A 2008/2009"]
[Site "?"]
[Date "2008.12.06"]
[Round "5.2"]
[White "Hertel, Ondrej"]
[Black "Matulik, Daniel"]
[Result "1/2-1/2"]
[WhiteElo "2040"]
[BlackElo "2169"]
[PlyCount "34"]
[EventDate "2008.??.??"]
[WhiteTeam "Slovakia"]
[BlackTeam "II"]
[WhiteTeamCountry "SVK"]
[BlackTeamCountry "SVK"]

1. d4 c6 2. c4 d5 3. Nf3 e6 4. Nc3 dxc4 5. a4 Bb4 6. e4 Nf6 7. Qc2 b5 8. Bd2
Bxc3 9. Bxc3 O-O 10. Bb4 Re8 11. e5 Nd5 12. Bd6 Qa5+ 13. Nd2 Nd7 14. Be2 Qb6
15. Nf3 Qa5+ 16. Nd2 Qb6 17. Nf3 Qa5+ 1/2-1/2

[Event "SR 2. liga A 2008/2009"]
[Site "?"]
[Date "2008.12.06"]
[Round "5.2"]
[White "Kleman, Miroslav"]
[Black "Samko, Karol"]
[Result "1/2-1/2"]
[WhiteElo "2204"]
[BlackElo "2048"]
[PlyCount "28"]
[EventDate "2008.??.??"]
[WhiteTeam "Slovakia"]
[BlackTeam "II"]
[WhiteTeamCountry "SVK"]
[BlackTeamCountry "SVK"]

1. e4 c5 2. Nf3 d6 3. c3 Nf6 4. Be2 Nc6 5. d4 cxd4 6. cxd4 Qa5+ 7. Nc3 Nxe4 8.
d5 Nxc3 9. bxc3 Ne5 10. Nxe5 Qxc3+ 11. Bd2 Qxe5 12. O-O Bd7 13. Qe1 Rc8 14. Be3
b6 1/2-1/2

[Event "SR 2. liga A 2008/2009"]
[Site "?"]
[Date "2008.12.06"]
[Round "5.2"]
[White "Klemanic, Emil"]
[Black "Federic, Pavol"]
[Result "1-0"]
[WhiteElo "2230"]
[BlackElo "2238"]
[PlyCount "82"]
[EventDate "2008.??.??"]
[WhiteTeam "Slovakia"]
[BlackTeam "II"]
[WhiteTeamCountry "SVK"]
[BlackTeamCountry "SVK"]

1. e4 e5 2. Nc3 Nc6 3. Bc4 Bb4 4. Nge2 d6 5. O-O Bg4 6. f3 Be6 7. Bxe6 fxe6 8.
d3 Bc5+ 9. Kh1 Nf6 10. Na4 Bb6 11. Nxb6 axb6 12. Bg5 O-O 13. f4 Qe8 14. fxe5
Nxe5 15. Bxf6 Rxf6 16. Rxf6 gxf6 17. Ng3 Qg6 18. a3 Ng4 19. Qf3 Ra5 20. h3 Ne5
21. Qf2 Nf7 22. Rf1 Kg7 23. Ne2 Qh6 24. Nf4 f5 25. exf5 exf5 26. Qg3+ Kf8 27.
d4 c6 28. Re1 d5 29. Ne6+ Ke7 30. Ng7+ Kd7 31. Nxf5 Qf8 32. Re7+ Qxe7 33. Nxe7
Kxe7 34. Qc7+ Ke6 35. Qxb7 Nd6 36. Qxc6 Ra7 37. Qxb6 Rb7 38. Qd8 Rxb2 39. Qg8+
Kf6 40. Qxd5 Nf5 41. Qe5+ Kg6 1-0

[Event "SR 2. liga A 2008/2009"]
[Site "?"]
[Date "2008.12.06"]
[Round "5.2"]
[White "Petenyi, Tamas"]
[Black "Hrivnak, Martin"]
[Result "1-0"]
[WhiteElo "2251"]
[BlackElo "2169"]
[PlyCount "87"]
[EventDate "2008.??.??"]
[WhiteTeam "Slovakia"]
[BlackTeam "II"]
[WhiteTeamCountry "SVK"]
[BlackTeamCountry "SVK"]

1. e4 e5 2. Nf3 d6 3. d4 Nd7 4. dxe5 Nxe5 5. Nc3 Be7 6. Bf4 Ng6 7. Bg3 Nf6 8.
Bd3 Nd7 9. Nd4 Bf6 10. Nde2 Nc5 11. Qd2 Bd7 12. O-O-O b5 13. Nd5 Na4 14. Nec3
Nxb2 15. Nxf6+ Qxf6 16. e5 Nxd3+ 17. Qxd3 Qg5+ 18. f4 Qd8 19. exd6 O-O 20. dxc7
Qxc7 21. Nd5 Qc4 22. Qxc4 bxc4 23. Nf6+ gxf6 24. Rxd7 Rfd8 25. Rhd1 Rxd7 26.
Rxd7 Nf8 27. Rc7 Ne6 28. Rxc4 f5 29. Bf2 Kg7 30. g3 Kf6 31. Ra4 a6 32. Ra5 h5
33. Be1 h4 34. Bc3+ Kg6 35. g4 Nxf4 36. gxf5+ Kh5 37. Bd2 Ne2+ 38. Kd1 Ng1 39.
f6+ Kg4 40. Rg5+ Kh3 41. Rxg1 Kxh2 42. Rg7 Ra7 43. Bf4+ Kh3 44. Ke2 1-0

[Event "SR 2. liga A 2008/2009"]
[Site "?"]
[Date "2008.12.06"]
[Round "5.3"]
[White "Arendas, Marek"]
[Black "Sosovicka, Juraj"]
[Result "0-1"]
[WhiteElo "2109"]
[BlackElo "2040"]
[PlyCount "50"]
[EventDate "2008.??.??"]
[WhiteTeam "Slovakia"]
[BlackTeam "II"]
[WhiteTeamCountry "SVK"]
[BlackTeamCountry "SVK"]

1. e4 e5 2. Nf3 Nc6 3. d4 exd4 4. Nxd4 Bc5 5. Be3 Qf6 6. c3 Nge7 7. Nc2 Bxe3 8.
Nxe3 d6 9. Nd2 Be6 10. Qc2 O-O 11. g3 d5 12. Bg2 Rad8 13. Nb3 d4 14. Nxd4 Nxd4
15. cxd4 Qxd4 16. O-O c6 17. Rad1 Qb6 18. b3 Kh8 19. Rxd8 Rxd8 20. Rd1 Rd4 21.
Qc3 c5 22. Rc1 c4 23. bxc4 Qc5 24. f3 Rxc4 25. Qxc4 Qxe3+ 0-1